Vypravěč, autor a bůh : naratologické perspektivy a narativní techniky v české nové vlně 60. let /

Hlavní autor: Duta, Mircea Dan, 1967-
Jazyk: Čeština
Vydáno: Praha : Univerzita Karlova, Filozofická fakulta, 2009
Témata:
Externí odkaz: Digitalizovaný dokument
Fyzický popis: 206 s. ; 21 cm
Knihy
Uloženo v:
LEADER 01574nam a2200445 a 4500
001 nkc20091965298
003 CZ PrNK
005 20100315075848.0
007 ta
008 090625s2009 xr e 000 0 cze
015 |a cnb001965298 
020 |a 978-80-7308-272-7  |q (brož.) 
035 |a (OCoLC)607520315 
040 |a ABA001  |b cze  |d OLA001 
043 |a e-xr--- 
045 |a x6x6 
072 7 |a 791  |x Film. Cirkus. Lidová zábava  |2 Konspekt  |9 3 
080 |a 791.2  |2 MRF 
080 |a 808.543-027.22  |2 MRF 
080 |a (437.3)  |2 MRF 
080 |a (048.8)  |2 MRF 
100 1 |a Duta, Mircea Dan,  |d 1967-  |7 jx20100203015  |4 aut 
245 1 0 |a Vypravěč, autor a bůh :  |b naratologické perspektivy a narativní techniky v české nové vlně 60. let /  |c Mircea Dan Duta 
260 |a Praha :  |b Univerzita Karlova, Filozofická fakulta,  |c 2009 
300 |a 206 s. ;  |c 21 cm 
500 |a 200 výt. 
504 |a Obsahuje bibliografii 
648 4 |a 1963-1969 
650 0 7 |a filmy  |7 ph120215  |z Česko  |y 1961-1970  |2 czenas 
650 0 7 |a vypravěčské techniky  |7 ph161936  |2 czenas 
650 0 9 |a films  |z Czechia  |y 1961-1970  |2 eczenas 
650 0 9 |a narrative techniques  |2 eczenas 
655 7 |a studie  |7 fd133597  |2 czenas 
655 9 |a studies  |2 eczenas 
856 4 1 |u http://www.digitalniknihovna.cz/mzk/uuid/uuid:31e25200-3330-11e4-8e0d-005056827e51  |y Digitalizovaný dokument  |x NDK 
910 2 |a BOA001  |b 2-1238.692 
990 |a BK 
995 |a 01 
991 |b 201003  |c NOV 
996 6 |b 2610412757  |c 2-1238.692  |l MZK  |r Sklad / do 1 hodiny  |n 10  |p p.v.  |w 001110353  |u 000010  |a 1  |e BOA001  |j MZK50  |s P